Statistika pro ekonomy

Uložené v:
Podrobná bibliografia
Hlavný autor: Hindls, Richard
Korporativný autor: Vysoká škola ekonomická v Praze
Médium: Kniha
Jazyk:Czech
Vydavateľské údaje: Praha Professional Publishing 2006
Vydanie:7. vyd.
Predmet:
Tagy: Pridať tag
Žiadne tagy, Buďte prvý, kto otaguje tento záznam!

MARC

LEADER 00000nam$a2200000$$$4500
001 0043676
005 20240313090446.9
020 |a 80-86946-16-9 
041 0 |a cze 
044 |a CZ 
245 1 0 |a Statistika pro ekonomy  |c Richard Hindls ... [et al.] 
250 |a 7. vyd. 
264 1 |a Praha  |b Professional Publishing  |c 2006 
300 |a 415 s. 
610 2 0 |a štatistika 
610 2 0 |a pravdepodobnosť 
610 2 0 |a skúmanie štatistické 
610 2 0 |a zisťovanie štatistické 
610 2 0 |a hypotézy štatistické 
610 2 0 |a analýza korelačná 
610 2 0 |a analýza regresná 
610 2 0 |a rady časové 
610 2 0 |a porovnanie štatistické 
100 1 |a Hindls, Richard 
710 2 |a Vysoká škola ekonomická v Praze